<?xml version="1.0" encoding="UTF-8"?>
<record
    xmlns:xsi="http://www.w3.org/2001/XMLSchema-instance"
    xsi:schemaLocation="http://www.loc.gov/MARC21/slim http://www.loc.gov/standards/marcxml/schema/MARC21slim.xsd"
    xmlns="http://www.loc.gov/MARC21/slim">

  <leader>00790nab a2200229 uc4500</leader>
  <controlfield tag="001">711738</controlfield>
  <controlfield tag="005">20250312092722.0</controlfield>
  <controlfield tag="008">011210e20010705                    spa  </controlfield>
  <datafield tag="035" ind1=" " ind2=" ">
    <subfield code="a">711738</subfield>
  </datafield>
  <datafield tag="035" ind1=" " ind2=" ">
    <subfield code="a">(OCoLC)819927224</subfield>
  </datafield>
  <datafield tag="040" ind1=" " ind2=" ">
    <subfield code="c">comduadb</subfield>
  </datafield>
  <datafield tag="041" ind1=" " ind2=" ">
    <subfield code="a">spa</subfield>
  </datafield>
  <datafield tag="100" ind1="1" ind2="0">
    <subfield code="a">Goloboff, Gerardo Mario</subfield>
    <subfield code="4">aut</subfield>
    <subfield code="e">aut</subfield>
    <subfield code="9">251509</subfield>
  </datafield>
  <datafield tag="245" ind1="1" ind2="0">
    <subfield code="a">La obra de Noe Jitrik en el contexto cultural y politico argentino y latinoamericano</subfield>
  </datafield>
  <datafield tag="650" ind1=" " ind2=" ">
    <subfield code="a">Jitrik, Noe</subfield>
    <subfield code="9">88884</subfield>
  </datafield>
  <datafield tag="650" ind1=" " ind2="7">
    <subfield code="a">Arte de escribir</subfield>
    <subfield code="2">embne</subfield>
    <subfield code="9">361</subfield>
  </datafield>
  <datafield tag="650" ind1=" " ind2=" ">
    <subfield code="a">Intelectuales y revoluci&#xF3;n</subfield>
    <subfield code="9">238</subfield>
  </datafield>
  <datafield tag="650" ind1=" " ind2=" ">
    <subfield code="a">Intelectuales y sociedad</subfield>
    <subfield code="9">30008</subfield>
  </datafield>
  <datafield tag="651" ind1=" " ind2="7">
    <subfield code="a">Argentina</subfield>
    <subfield code="2">embne</subfield>
    <subfield code="9">870550</subfield>
  </datafield>
  <datafield tag="773" ind1="0" ind2=" ">
    <subfield code="t">Casa de las Am&#xE9;ricas (La Habana)</subfield>
    <subfield code="g">Volumen 42, N&#xFA;mero 224, Julio-Septiembre 2001, p. 25-35</subfield>
    <subfield code="w">177697</subfield>
    <subfield code="z">0087157</subfield>
    <subfield code="0">83378</subfield>
  </datafield>
  <datafield tag="942" ind1=" " ind2=" ">
    <subfield code="c">ARIMP</subfield>
  </datafield>
  <datafield tag="999" ind1=" " ind2=" ">
    <subfield code="c">224941</subfield>
    <subfield code="d">224941</subfield>
  </datafield>
</record>
